[Event "Titled Tuesday intern op 16th Apr Early"]
[Site "Chess.com INT"]
[Date "2024.04.16"]
[Round "4"]
[White "Rohit, S3."]
[Black "Faizrakhmanov, Ramil"]
[Result "1/2-1/2"]
[WhiteElo "2359"]
[BlackElo "2462"]
[PlyCount "142"]
[EventDate "2024.04.16"]
[EventType "swiss (blitz)"]
[EventRounds "11"]
[EventCountry "USA"]
[SourceTitle "CB17_2024"]
[SourceDate "2024.04.24"]
[SourceVersion "1"]
[SourceVersionDate "2024.04.24"]
[SourceQuality "1"]

1. e4 c6 2. d4 d5 3. Nc3 dxe4 4. Nxe4 Bf5 5. Qf3 e6 6. Ne2 Nd7 7. N2g3 Bg6 8. Bd3 Ngf6 9. h4 Nxe4 10. Nxe4 h5 11. Bf4 Nf6 12. Be5 Be7 13. Nxf6+ gxf6 14. Bg3 Qxd4 15. 0-0-0 Qd5 16. Bxg6 Qxf3 17. Bxf7+ Kxf7 18. gxf3 Rad8 19. Rde1 Rd5 20. Re2 Re8 21. Rhe1 Bc5 22. c3 Rf5 23. Rd1 Rxf3 24. Rd7+ Re7 25. Rd8 e5 26. Rh8 Kg6 27. Kc2 Bd6 28. Rd2 Bc7 29. Rg8+ Kh7 30. Rc8 f5 31. Rxc7 Rxc7 32. Bxe5 Re7 33. Bf6 Rf7 34. Bg5 Rh3 35. f4 Re3 36. Rd6 Kg7 37. a4 a5 38. Kb3 Re2 39. Bh6+ Kg8 40. Bg5 Re4 41. Rd8+ Kg7 42. Rd6 Rc7 43. Bd8 Rc8 44. Bg5 b5 45. axb5 cxb5 46. Rd5 a4+ 47. Ka3 Rb8 48. Rxf5 b4+ 49. cxb4 Rbxb4 50. Ra5 Rb3+ 51. Ka2 Re2 52. Ra7+ Kg6 53. Ra6+ Kf5 54. Bf6 Rb4 55. Bc3 Rxf4 56. Ka3 Kg4 57. Bf6 Re3+ 58. Ka2 a3 59. Bg5 axb2 60. Bxf4 Kxf4 61. Kxb2 Kg3 62. Ra4 Rf3 63. Kc2 Rf4 64. Rxf4 Kxf4 65. Kd2 Kg3 66. Ke2 Kxh4 67. Kf1 Kg3 68. Kg1 h4 69. Kh1 h3 70. Kg1 h2+ 71. Kh1 Kh3 1/2-1/2

[Event "Moscow Aeroflot op-A"]
[Site "Moscow"]
[Date "2024.03.06"]
[Round "7"]
[White "Lazavik, Denis"]
[Black "Faizrakhmanov, Ramil"]
[Result "1-0"]
[WhiteElo "2567"]
[BlackElo "2454"]
[PlyCount "133"]
[EventDate "2024.03.03"]
[EventType "swiss"]
[EventRounds "9"]
[EventCountry "RUS"]
[SourceTitle "CB11_2024"]
[SourceDate "2024.03.13"]
[SourceVersion "1"]
[SourceVersionDate "2024.03.13"]
[SourceQuality "1"]

1. d4 Nf6 2. c4 e6 3. Nc3 Bb4 4. e3 0-0 5. Bd3 d5 6. Nf3 b6 7. 0-0 Ba6 8. cxd5 exd5 9. Bxa6 Nxa6 10. Bd2 Re8 11. Rc1 Qc8 12. Qc2 Bf8 13. Ne2 Qb7 14. Qc6 Qxc6 15. Rxc6 Rac8 16. Nf4 Bd6 17. Nd3 Ne4 18. Rfc1 Nb8 19. R6c2 a5 20. Be1 Nd7 21. Nd2 Nxd2 22. Bxd2 f6 23. Kf1 Ra8 24. b4 axb4 25. Bxb4 c5 26. dxc5 bxc5 27. Bxc5 Nxc5 28. Nxc5 Bxc5 29. Rxc5 Rxa2 30. Rxd5 Rb8 31. g4 Rbb2 32. Rf5 Kf7 33. Rc4 Rc2 34. Rcf4 h6 35. h4 Ra1+ 36. Kg2 Rac1 37. Rd4 Rc4 38. h5 Rxd4 39. exd4 Rd1 40. Rf4 Rd3 41. Kf1 Rd2 42. Kg2 Rd3 43. Kf1 Rd2 44. Re4 Ra2 45. Ke1 g6 46. hxg6+ Kxg6 47. d5 Kf7 48. Rd4 Ke7 49. Kf1 Ra6 50. Kg2 Kd6 51. Kg3 Ke5 52. Rd1 f5 53. gxf5 Kxf5 54. d6 Ra8 55. d7 Rd8 56. Kh4 Kf4 57. Kh5 Kf5 58. Kxh6 Kf6 59. Kh7 Kf7 60. f4 Kf6 61. Rd2 Kf7 62. f5 Kf6 63. Rd5 Kf7 64. Kh6 Kf6 65. Kh5 Rh8+ 66. Kg4 Rd8 67. Kf4 1-0

[Event "RUS-chT Rapid"]
[Site "Sochi"]
[Date "2023.10.19"]
[Round "8.15"]
[White "Faizrakhmanov, Ramil"]
[Black "Iljiushenok, Ilia"]
[Result "0-1"]
[WhiteElo "2460"]
[BlackElo "2547"]
[PlyCount "58"]
[EventDate "2023.10.18"]
[EventType "team-swiss (rapid)"]
[EventRounds "9"]
[EventCountry "RUS"]
[SourceTitle "Mega2024 Update 01"]
[Source "Chessbase"]
[SourceDate "2023.11.12"]
[SourceVersion "1"]
[SourceVersionDate "2023.11.12"]
[SourceQuality "1"]
[WhiteTeam "Tatarstan Ladya"]
[BlackTeam "Moscow Formula Shakhmat"]
[WhiteTeamCountry "RUS"]
[BlackTeamCountry "RUS"]

1. d4 d5 2. c4 c6 3. Nc3 Nf6 4. e3 a6 5. Nf3 e6 6. Qc2 c5 7. cxd5 exd5 8. Be2 Nc6 9. 0-0 Be6 10. dxc5 Bxc5 11. Na4 Ba7 12. Nc5 Qe7 13. Nxe6 Qxe6 14. b3 0-0 15. Bb2 Ne4 16. Rad1 Rac8 17. Qd3 Nb4 18. Qb1 Rc2 19. Nd4 Bxd4 20. Rxd4 Rxe2 21. Rxb4 Rc8 22. Rxb7 h5 23. Bd4 Rcc2 24. Qd1 Rcd2 25. Qc1 Nxf2 26. Qc7 Nh3+ 27. Kh1 Rxg2 28. Be5 Rxh2+ 29. Bxh2 Qe4+ 0-1

[Event "RUS-chT Rapid"]
[Site "Sochi"]
[Date "2023.10.19"]
[Round "7.23"]
[White "Timerkhanov, Alexander"]
[Black "Faizrakhmanov, Ramil"]
[Result "1/2-1/2"]
[WhiteElo "2336"]
[BlackElo "2460"]
[PlyCount "127"]
[EventDate "2023.10.18"]
[EventType "team-swiss (rapid)"]
[EventRounds "9"]
[EventCountry "RUS"]
[SourceTitle "Mega2024 Update 01"]
[Source "Chessbase"]
[SourceDate "2023.11.12"]
[SourceVersion "1"]
[SourceVersionDate "2023.11.12"]
[SourceQuality "1"]
[WhiteTeam "St Petersburg SShOR II"]
[BlackTeam "Tatarstan Ladya"]
[WhiteTeamCountry "RUS"]
[BlackTeamCountry "RUS"]

1. d4 Nf6 2. Bg5 e6 3. Nd2 c5 4. e3 cxd4 5. exd4 Be7 6. Bd3 b6 7. Ngf3 Bb7 8. c3 d6 9. Bxf6 Bxf6 10. Qe2 Nd7 11. a4 a6 12. Ne4 Be7 13. 0-0 0-0 14. Rfe1 Nf6 15. Nxf6+ Bxf6 16. Be4 Qc7 17. h4 Bxe4 18. Qxe4 d5 19. Qd3 h6 20. g3 g6 21. Ne5 h5 22. Nxg6 fxg6 23. Qxg6+ Qg7 24. Qxg7+ Kxg7 25. Rxe6 Rab8 26. Rae1 b5 27. a5 Ra8 28. Rd6 Rfd8 29. Ree6 Rxd6 30. Rxd6 Bd8 31. Rxd5 Bxa5 32. Rxh5 Bd8 33. Rd5 Bf6 34. h5 b4 35. cxb4 Rb8 36. Rd7+ Kh6 37. Rd6 Kg7 38. Rxa6 Bxd4 39. Kg2 Rxb4 40. f4 Rxb2+ 41. Kf3 Bb6 42. Kg4 Rb3 43. Ra2 Kh6 44. Rc2 Kg7 45. Rd2 Bc5 46. Re2 Bb6 47. Rc2 Kh7 48. Rd2 Bc5 49. Rg2 Kh6 50. Rc2 Bb6 51. Rc6+ Kh7 52. Rg6 Bf2 53. Kh3 Rb5 54. g4 Rb3+ 55. Kg2 Bh4 56. f5 Rg3+ 57. Kf1 Re3 58. Kg2 Rg3+ 59. Kh2 Rf3 60. Ra6 Bg5 61. Kg2 Re3 62. Kf2 Re4 63. Kf3 Re3+ 64. Kf2 1/2-1/2

[Event "RUS-chT Blitz"]
[Site "Sochi"]
[Date "2023.10.17"]
[Round "12.19"]
[White "Faizrakhmanov, Ramil"]
[Black "Zarubitski, Viachaslau"]
[Result "0-1"]
[WhiteElo "2460"]
[BlackElo "2429"]
[PlyCount "102"]
[EventDate "2023.10.17"]
[EventType "team-swiss (blitz)"]
[EventRounds "13"]
[EventCountry "RUS"]
[SourceTitle "Mega2024 Update 01"]
[Source "Chessbase"]
[SourceDate "2023.11.12"]
[SourceVersion "1"]
[SourceVersionDate "2023.11.12"]
[SourceQuality "1"]
[WhiteTeam "Tatarstan Ladya MK"]
[BlackTeam "Belarus"]
[WhiteTeamCountry "RUS"]
[BlackTeamCountry "BLR"]

1. d4 d6 2. Nf3 Nf6 3. c4 g6 4. Nc3 Bg7 5. e4 0-0 6. h3 Nc6 7. d5 Nb8 8. Be3 e6 9. Bd3 c5 10. 0-0 exd5 11. exd5 Re8 12. Bf4 a6 13. a4 Nh5 14. Bh2 Nf6 15. Qd2 b6 16. Rae1 Ra7 17. Ng5 Rae7 18. Nge4 Nxe4 19. Nxe4 Bf5 20. f3 Bxe4 21. Bxe4 Be5 22. Bxe5 Rxe5 23. Bd3 Rxe1 24. Rxe1 Nd7 25. f4 a5 26. b3 Kf8 27. Rxe8+ Qxe8 28. Kf2 Qe7 29. g3 Qf6 30. Qe3 Qb2+ 31. Be2 h5 32. f5 Qf6 33. Qf4 g5 34. Qe4 h4 35. gxh4 gxh4 36. Qf4 Ne5 37. Ke3 Qe7 38. f6 Ng4+ 39. Kd2 Nxf6 40. Bf3 Qe5 41. Qxh4 Qb2+ 42. Ke1 Qc1+ 43. Kf2 Qd2+ 44. Kf1 Qc1+ 45. Kf2 Qb2+ 46. Kf1 Qb1+ 47. Kf2 Qc2+ 48. Kf1 Qf5 49. Ke2 Qe5+ 50. Kf2 Ke7 51. Qh8 Ne4+ 0-1